| 000 -LEADER |
| fixed length control field |
00663cam a2200193 a 4500 |
| 001 - CONTROL NUMBER |
| control field |
423 |
| 003 - CONTROL NUMBER IDENTIFIER |
| control field |
BD-DhUAP |
| 005 - DATE AND TIME OF LATEST TRANSACTION |
| control field |
20210201112327.0 |
| 008 - FIXED-LENGTH DATA ELEMENTS--GENERAL INFORMATION |
| fixed length control field |
200315s20061992bg abf b f000 0 eng |
| 040 ## - CATALOGING SOURCE |
| Original cataloging agency |
BD-DhUAP |
| Transcribing agency |
BD-DhUAP |
| Modifying agency |
BD-DhUAP |
| Language of cataloging |
Eng |
| 082 ## - DEWEY DECIMAL CLASSIFICATION NUMBER |
| Classification number |
425 HOU |
| Edition number |
23 |
| 245 ## - TITLE STATEMENT |
| Title |
Houghton Mifflin English grammar and composition : |
| Remainder of title |
Composition workshops. |
| 260 ## - PUBLICATION, DISTRIBUTION, ETC. |
| Place of publication, distribution, etc. |
Boston : |
| Name of publisher, distributor, etc. |
Houghton Mifflin English |
| Date of publication, distribution, etc. |
[...?]. |
| 300 ## - PHYSICAL DESCRIPTION |
| Extent |
62 pages : |
| Other physical details |
illustrations ; |
| Dimensions |
28 cm. |
| 650 ## - SUBJECT ADDED ENTRY--TOPICAL TERM |
| Topical term or geographic name entry element |
English language -- Composition and exercises -- Study and teaching. |
| 710 ## - ADDED ENTRY--CORPORATE NAME |
| Corporate name or jurisdiction name as entry element |
Houghton Mifflin English. |
| 942 ## - ADDED ENTRY ELEMENTS (KOHA) |
| Source of classification or shelving scheme |
|
| Koha item type |
Book |